| 000 | 00662nam a2200253Ia 4500 | ||
|---|---|---|---|
| 003 | OSt | ||
| 005 | 20221007105509.0 | ||
| 006 | a|||||r|||| 00| 0 | ||
| 007 | ta | ||
| 008 | 221006b |||||||| |||| 00| 0 eng d | ||
| 024 | _a18,734 | ||
| 037 | _cTextual | ||
| 040 |
_aLCO _cLCO _beng |
||
| 041 |
_2eng _aeng |
||
| 082 | _aZ2,211,3, K8 | ||
| 100 |
_aLewis J.R _9688325 |
||
| 245 | 0 | _aLandlord and Tenant | |
| 260 |
_aLondon _bSweet & Maxwell UK _c1968 |
||
| 300 | _a317 | ||
| 650 | _aLANDLORD AND TENANT | ||
| 700 | _a Holland J.Anthony | ||
| 942 |
_hZ2,211,3, K8 _cTEXL |
||
| 999 |
_c1188297 _d1188297 |
||